00701nam a2200157 a 450000500170000000800410001702000180005805000180007610000160009424500510011026000390016130000230020052002770022365000230050065000200052320140412111251.0000818s19uu xx 00 eng d a0-06-443127-4 aTR(PS EbDo65 aCarle, Eric aDo you want to be my friend? /cby Eric Carle. aU.S.A :bHarperCollins Publishers. a1 v. (unp.) ; ill. a"Do you want to be my friend?" asks the lonely little mouse. He follow a tail, but all he finds at its end is a rather unfriendly horse. The little mouse just wants someone to play with-but he'll have to follow a lot of tails before he can find just the right companion. aFriendship-Fiction aAnimals-Fiction